000 00371cam a2200145ua 4500
041 _aeng
_h
082 _a338.09
_bSAC/PL
100 _aSachdeva, T N .
245 _aPlanning and economic growth /
_cT N Sachdeva.
_hTextual Documents
260 _aNewdelhi :
_bSudha publications ltd ,
_c1965.
300 _a194 ; .
504 _a
942 _cBK
999 _c12333
_d12333